000 00340nam a22001337a 4500
008 190227b xxu||||| |||| 00| 0 eng d
020 _a9780295982700
041 _aeng
080 _a710
100 _a45
101 _aART
245 _aMasterful Illusions, Japanese Prints in the Anne van Biema Collection
_cYonemura, A
942 _2udc
_cBK
999 _c54354
_d54354